000 00511nam a22001577a 4500
999 _c18094
_d18094
008 191129b xxu||||| |||| 00| 0 eng d
020 _a9793198743
040 _aKABU
_cKABU
050 _aSD248.5
_b.N44 2013 c. 1
245 _aNegotiation-support toolkit for learning landscapes
_cMeine Van Noordwijk ...[et al.].
260 _aIndonesia
_bWorld Agroforestry Centre
_c2013
300 _avi, 285 p.
650 _aCommunication in forestry
700 _aNoordwijk, Meine Van
942 _2lcc
_cBK
_hSD248.5